¿Puede ocurrir Evo Morales en Guatemala ? /
Guardat en:
| Autor principal: | |
|---|---|
| Format: | Text |
| Etiquetes: |
Afegir etiqueta
Sense etiquetes, Sigues el primer a etiquetar aquest registre!
|
MARC
| LEADER | 00000 a a2200000 04500 | ||
|---|---|---|---|
| 001 | 7187 | ||
| 003 | |||
| 040 | |||
| 100 | |a Hernández Pico, Juan | ||
| 245 | |a ¿Puede ocurrir Evo Morales en Guatemala ? / |c Juan Hernández Pico | ||
| 773 | |g volumen 25, número 293; páginas 31-38 | ||
| 999 | |c 26418 |d 26418 | ||
